[Event "San Cristobal op"]
[Site "San Cristobal"]
[Date "1998.??.??"]
[Round "4"]
[White "Bergonzi, Osvaldo"]
[Black "Santacruz, Francisco"]
[Result "0-1"]
[WhiteElo "2220"]
[BlackElo "2310"]
[PlyCount "54"]
[EventDate "1998.05.??"]
[EventType "swiss"]
[EventRounds "7"]
[EventCountry "PAR"]
[SourceTitle "EXT 2001"]
[Source "ChessBase"]
[SourceDate "2000.11.22"]
[SourceVersion "1"]
[SourceVersionDate "2000.11.22"]
[SourceQuality "1"]

1. e4 c5 2. Nc3 Nc6 3. g3 g6 4. Bg2 Bg7 5. d3 d6 6. f4 e6 7. Nf3 Nge7 8. 0-0 0-0 9. Be3 Nd4 10. e5 Nef5 11. Bf2 Nxf3+ 12. Qxf3 Nd4 13. Qd1 dxe5 14. fxe5 Bxe5 15. Ne4 f5 16. Nxc5 Qc7 17. b4 f4 18. gxf4 Rxf4 19. c3 Nf5 20. d4 Rxf2 21. Rxf2 Bxh2+ 22. Kh1 Bg3 23. Re2 Qf4 24. Re4 Qh6+ 25. Kg1 b6 26. Nxe6 Qh2+ 27. Kf1 Ba6+ 0-1

[Event "San Cristobal op"]
[Site "San Cristobal"]
[Date "1998.??.??"]
[Round "3"]
[White "Santacruz, Francisco"]
[Black "Garcia, Alfredo"]
[Result "1/2-1/2"]
[WhiteElo "2310"]
[BlackElo "2220"]
[PlyCount "37"]
[EventDate "1998.05.??"]
[EventType "swiss"]
[EventRounds "7"]
[EventCountry "PAR"]
[SourceTitle "EXT 2001"]
[Source "ChessBase"]
[SourceDate "2000.11.22"]
[SourceVersion "1"]
[SourceVersionDate "2000.11.22"]
[SourceQuality "1"]

1. Nf3 d5 2. b3 Nf6 3. Bb2 Bf5 4. e3 e6 5. c4 Be7 6. Be2 0-0 7. Nh4 Bxb1 8. Rxb1 c5 9. Nf3 Nc6 10. cxd5 Nxd5 11. 0-0 Bf6 12. Qc1 Bxb2 13. Rxb2 Qe7 14. a3 Na5 15. Qc2 b6 16. Rc1 Rfd8 17. Qb1 Nb7 18. b4 Rac8 19. Rbc2 1/2-1/2

[Event "Olympiad-29"]
[Site "Novi Sad"]
[Date "1990.12.01"]
[Round "13"]
[White "Santacruz, Francisco"]
[Black "Dutreeuw, Marc"]
[Result "1/2-1/2"]
[WhiteElo "2300"]
[BlackElo "2405"]
[PlyCount "162"]
[EventDate "1990.11.17"]
[EventType "team-swiss"]
[EventRounds "14"]
[EventCountry "YUG"]
[SourceTitle "EXT 2019"]
[Source "ChessBase"]
[SourceDate "2018.10.10"]
[SourceVersion "1"]
[SourceVersionDate "2018.10.10"]
[SourceQuality "1"]
[WhiteTeam "Paraguay"]
[BlackTeam "Belgium"]
[WhiteTeamCountry "PAR"]
[BlackTeamCountry "BEL"]

1. Nf3 e6 2. b3 Nf6 3. Bb2 Be7 4. e3 0-0 5. d4 b6 6. Bd3 Bb7 7. Nbd2 d6 8. 0-0 c5 9. c4 Nbd7 10. Re1 d5 11. Rc1 Rc8 12. cxd5 Nxd5 13. a3 Rc7 14. Bb1 cxd4 15. Rxc7 Qxc7 16. Nxd4 Rc8 17. Nb5 Qb8 18. e4 Nf4 19. Nc4 Rd8 20. Qg4 Ng6 21. Qg3 Qxg3 22. hxg3 Nc5 23. Nxa7 Nxb3 24. Nb5 Ba6 25. a4 Bb4 26. Rf1 Nd2 27. Nxd2 Rxd2 28. Bc1 Rd7 29. Be3 Ba5 30. f4 Kf8 31. Kf2 Ke8 32. Rc1 Kd8 33. Nd4 Ne7 34. Ba2 Rc7 35. Rxc7 Kxc7 36. Bb3 Nc6 37. Nf3 h6 38. f5 exf5 39. exf5 f6 40. Bf4+ Kd7 41. Ke3 Bb4 42. Be6+ Ke7 43. Bd5 Bc5+ 44. Kd2 Nb4 45. Be4 Bc4 46. Kc3 Bf7 47. Bd2 Nd5+ 48. Kd3 Bd6 49. Be1 Nb4+ 50. Kc3 Na6 51. Kd4 Bb3 52. a5 bxa5 53. Bxa5 Bxg3 54. Bd3 Nb8 55. Bb4+ Bd6 56. Bxd6+ Kxd6 57. Bb5 Bd5 58. Nh4 Bb7 59. Ke3 Kc5 60. Be8 Na6 61. g3 Nb4 62. Bf7 Nc2+ 63. Kf4 Kd4 64. g4 Nb4 65. Kg3 Nd3 66. Be8 Ke3 67. Ng6 Bf3 68. Nf8 Nf2 69. Ne6 Bxg4 70. Nxg7 Bf3 71. Bh5 Bc6 72. Be8 Bf3 73. Bh5 Bd5 74. Be8 Ne4+ 75. Kg4 Nd6 76. Kh5 Kf4 77. Kxh6 Ke5 78. Bg6 Be4 79. Nh5 Bf3 80. Ng7 Bg4 81. Kh7 Nxf5 1/2-1/2

[Event "Olympiad-29"]
[Site "Novi Sad"]
[Date "1990.11.26"]
[Round "9"]
[White "Illescas Cordoba, Miguel"]
[Black "Santacruz, Francisco"]
[Result "1/2-1/2"]
[WhiteElo "2535"]
[BlackElo "2300"]
[PlyCount "119"]
[EventDate "1990.11.17"]
[EventType "team-swiss"]
[EventRounds "14"]
[EventCountry "YUG"]
[SourceTitle "EXT 2019"]
[Source "ChessBase"]
[SourceDate "2018.10.10"]
[SourceVersion "1"]
[SourceVersionDate "2018.10.10"]
[SourceQuality "1"]
[WhiteTeam "Spain"]
[BlackTeam "Paraguay"]
[WhiteTeamCountry "ESP"]
[BlackTeamCountry "PAR"]

1. Nf3 c5 2. c4 Nc6 3. Nc3 g6 4. e3 Bg7 5. d4 d6 6. Be2 Nf6 7. d5 Nb8 8. 0-0 0-0 9. e4 Bg4 10. Bg5 a6 11. Nd2 Bxe2 12. Qxe2 Nbd7 13. f4 Ne8 14. a4 Rb8 15. Nf3 Nc7 16. Bh4 b5 17. axb5 axb5 18. cxb5 Re8 19. e5 Nb6 20. Rad1 Qc8 21. Qd3 Qd7 22. Ng5 Qg4 23. g3 dxe5 24. h3 Qf5 25. Qxf5 gxf5 26. fxe5 Bxe5 27. Rxf5 Bd4+ 28. Kg2 Bxc3 29. bxc3 Nbxd5 30. Rdxd5 Nxd5 31. Rxd5 Rxb5 32. g4 f6 33. Ne4 Rc8 34. Rd7 Kf8 35. Bf2 c4 36. Kf3 h5 37. Kf4 hxg4 38. hxg4 Ra5 39. g5 fxg5+ 40. Nxg5 Ke8 41. Rb7 Rc6 42. Bd4 e5+ 43. Bxe5 Rcc5 44. Nf3 Rxe5 45. Nxe5 Ra3 46. Kf5 Rxc3 47. Ke6 Rb3 48. Re7+ Kd8 49. Rd7+ Ke8 50. Re7+ Kd8 51. Nc6+ Kc8 52. Na7+ Kd8 53. Nc6+ Kc8 54. Kd6 Rd3+ 55. Kc5 Rd1 56. Ne5 Kd8 57. Nc6+ Kc8 58. Ra7 c3 59. Ne7+ Kd8 60. Nc6+ 1/2-1/2

[Event "Olympiad-29"]
[Site "Novi Sad"]
[Date "1990.11.23"]
[Round "6"]
[White "Saleh, Nabil"]
[Black "Santacruz, Francisco"]
[Result "1-0"]
[WhiteElo "2205"]
[BlackElo "2300"]
[PlyCount "89"]
[EventDate "1990.11.17"]
[EventType "team-swiss"]
[EventRounds "14"]
[EventCountry "YUG"]
[SourceTitle "EXT 2019"]
[Source "ChessBase"]
[SourceDate "2018.10.10"]
[SourceVersion "1"]
[SourceVersionDate "2018.10.10"]
[SourceQuality "1"]
[WhiteTeam "United Arab Emirates"]
[BlackTeam "Paraguay"]
[WhiteTeamCountry "UAE"]
[BlackTeamCountry "PAR"]

1. d4 Nf6 2. Nf3 g6 3. c4 c5 4. e3 Bg7 5. Nc3 0-0 6. d5 d6 7. e4 e6 8. Be2 exd5 9. exd5 Bg4 10. 0-0 Nbd7 11. Bd2 Nb6 12. b3 Nc8 13. Bd3 Ne7 14. h3 Bxf3 15. Qxf3 Nd7 16. Bc2 h6 17. Rae1 Re8 18. Qg3 Nf6 19. Nb5 Nc8 20. Qh4 Rxe1 21. Rxe1 a6 22. Nc3 g5 23. Qg3 Nb6 24. Nd1 Nh5 25. Qd3 Nd7 26. Ne3 Nf8 27. Nf5 Nf4 28. Qf3 N8g6 29. Nxg7 Kxg7 30. Bc3+ f6 31. Qe4 Qd7 32. g3 Nxh3+ 33. Kh2 Nf8 34. Qe7+ Qxe7 35. Rxe7+ Kg8 36. Kxh3 Rd8 37. Bxf6 Rd7 38. Rxd7 Nxd7 39. Be7 Kf7 40. Bxd6 b5 41. f4 bxc4 42. bxc4 Nb6 43. Bd3 Kf6 44. Be5+ Kf7 45. Kg4 1-0

[Event "Olympiad-29"]
[Site "Novi Sad"]
[Date "1990.11.18"]
[Round "2"]
[White "Santacruz, Francisco"]
[Black "Chola, Stanley"]
[Result "1-0"]
[WhiteElo "2300"]
[BlackElo "2235"]
[PlyCount "115"]
[EventDate "1990.11.17"]
[EventType "team-swiss"]
[EventRounds "14"]
[EventCountry "YUG"]
[SourceTitle "EXT 2019"]
[Source "ChessBase"]
[SourceDate "2018.10.10"]
[SourceVersion "1"]
[SourceVersionDate "2018.10.10"]
[SourceQuality "1"]
[WhiteTeam "Paraguay"]
[BlackTeam "Zambia"]
[WhiteTeamCountry "PAR"]
[BlackTeamCountry "ZAM"]

1. Nf3 Nf6 2. c4 g6 3. g3 Bg7 4. Bg2 0-0 5. 0-0 d6 6. d4 Nc6 7. d5 Na5 8. Nbd2 c5 9. e4 e5 10. dxe6 Bxe6 11. Qc2 Nc6 12. Rd1 Qc7 13. h3 a6 14. Nf1 Nb4 15. Qe2 b5 16. Ne3 Rab8 17. a3 Nc6 18. Nd5 Bxd5 19. cxd5 Na5 20. Qc2 Rfe8 21. Nd2 Nd7 22. Rb1 b4 23. b3 Qa7 24. a4 Ne5 25. Bf1 Rec8 26. Kg2 c4 27. Nxc4 Nexc4 28. Bxc4 Nxc4 29. bxc4 Qc5 30. Bf4 a5 31. Rdc1 Bc3 32. Rb3 Qc7 33. Qd3 f6 34. Bd2 Qxc4 35. Qxc4 Rxc4 36. Rcxc3 bxc3 37. Rxb8+ Kf7 38. Bc1 Rxe4 39. Rc8 Rxa4 40. Rxc3 Rd4 41. Rc7+ Ke8 42. Rxh7 Rxd5 43. Be3 Rd3 44. Ra7 Ra3 45. g4 d5 46. Bc5 Ra2 47. h4 Ra4 48. Kg3 d4 49. Re7+ Kd8 50. Re4 Kc7 51. Rxd4 Ra1 52. Rf4 g5 53. Rxf6 Rg1+ 54. Kf3 gxh4 55. Bb6+ Kd7 56. Bxa5 h3 57. Rh6 Rh1 58. Bd2 1-0

[Event "PAR-ch"]
[Site "Asuncion"]
[Date "1989.??.??"]
[Round "17"]
[White "Riego Prieto, Victorio"]
[Black "Santacruz, Francisco"]
[Result "0-1"]
[WhiteElo "2245"]
[BlackElo "2315"]
[PlyCount "110"]
[EventDate "1989.??.??"]
[EventType "tourn"]
[EventRounds "17"]
[EventCountry "PAR"]
[SourceTitle "EXT 2010"]
[Source "ChessBase"]
[SourceDate "2010.11.25"]
[SourceVersion "1"]
[SourceVersionDate "2010.11.25"]
[SourceQuality "1"]

1. e4 c5 2. Nf3 e6 3. d4 cxd4 4. Nxd4 Nc6 5. Nc3 Qc7 6. Be3 a6 7. f4 d6 8. Qf3 Nf6 9. 0-0-0 Be7 10. h3 0-0 11. g4 Nxd4 12. Bxd4 b5 13. g5 Nd7 14. Bd3 Bb7 15. Rhg1 g6 16. Qg4 b4 17. Ne2 e5 18. Be3 exf4 19. Qxf4 Ne5 20. Kb1 Rac8 21. Rc1 Rfe8 22. Bd4 Bf8 23. h4 Bg7 24. h5 d5 25. exd5 Nxd3 26. Qxc7 Rxc7 27. cxd3 Rxc1+ 28. Rxc1 Rxe2 29. Bxg7 Kxg7 30. d6 Re8 31. h6+ Kf8 32. Rc7 Bd5 33. Rc5 Be6 34. Ra5 Ra8 35. Kc2 Ke8 36. d4 Kd7 37. d5 Bf5+ 38. Kb3 Kxd6 39. Kxb4 Bd3 40. Kc3 Bf1 41. Kd4 Rb8 42. Kc3 Rc8+ 43. Kd4 Rc4+ 44. Ke3 Rc5 45. Ra4 Rxd5 46. Rf4 Rf5 47. Rd4+ Ke6 48. Rd8 Rxg5 49. Rh8 Rg2 50. b4 Rxa2 51. Rxh7 Kf6 52. Rh8 Rh2 53. Kf3 Bb5 54. Kg3 Rh5 55. Kg4 Bf1 0-1

[Event "PAR-ch"]
[Site "Asuncion"]
[Date "1989.??.??"]
[Round "11"]
[White "Valiente, Cristobal"]
[Black "Santacruz, Francisco"]
[Result "1/2-1/2"]
[WhiteElo "2310"]
[BlackElo "2315"]
[PlyCount "62"]
[EventDate "1989.??.??"]
[EventType "tourn"]
[EventRounds "17"]
[EventCountry "PAR"]
[SourceTitle "EXT 2010"]
[Source "ChessBase"]
[SourceDate "2010.11.25"]
[SourceVersion "1"]
[SourceVersionDate "2010.11.25"]
[SourceQuality "1"]

1. c4 Nf6 2. Nc3 e5 3. Nf3 Nc6 4. g3 Bb4 5. Bg2 0-0 6. 0-0 Bxc3 7. bxc3 d6 8. d3 Bd7 9. Rb1 Rb8 10. e4 Qc8 11. Re1 Bh3 12. Bh1 Bg4 13. Qc2 h6 14. Nh4 Qd8 15. f3 Bd7 16. Qf2 Ne7 17. Qxa7 b6 18. Qa3 Nh7 19. f4 exf4 20. gxf4 Nc6 21. Nf3 Ra8 22. Qb2 Ra5 23. a3 Re8 24. Qg2 f5 25. Rb5 fxe4 26. dxe4 Be6 27. f5 Bxc4 28. Rxa5 bxa5 29. Bxh6 Qf6 30. Bc1 Rb8 31. Bf4 Ne5 1/2-1/2

[Event "Olympiad-28"]
[Site "Thessaloniki"]
[Date "1988.11.23"]
[Round "10"]
[White "Yilmaz, Turhan"]
[Black "Santacruz, Francisco"]
[Result "0-1"]
[WhiteElo "2335"]
[BlackElo "2330"]
[PlyCount "70"]
[EventDate "1988.11.13"]
[EventType "team-swiss"]
[EventRounds "14"]
[EventCountry "GRE"]
[SourceTitle "TD"]
[Source "ChessBase"]
[SourceDate "1994.03.01"]
[SourceVersion "1"]
[SourceVersionDate "1994.03.01"]
[SourceQuality "1"]
[WhiteTeam "Turkey"]
[BlackTeam "Paraguay"]
[WhiteTeamCountry "TUR"]
[BlackTeamCountry "PAR"]

1. f4 Nf6 2. Nf3 g6 3. g3 Bg7 4. Bg2 0-0 5. 0-0 c5 6. d3 d5 7. c3 Nc6 8. Kh1 Qd6 9. a4 b6 10. Na3 Bb7 11. Qc2 Rad8 12. e4 dxe4 13. dxe4 Qd3 14. Qxd3 Rxd3 15. Ne1 Rdd8 16. e5 Nd5 17. Nec2 f6 18. c4 Ndb4 19. Nxb4 cxb4 20. Nb5 Na5 21. Bxb7 Nxb7 22. Nxa7 Na5 23. e6 f5 24. Rb1 b3 25. Nb5 Nxc4 26. Na3 Nxa3 27. bxa3 Rd3 28. Re1 Rc8 29. Be3 Rc6 30. Bc1 Bc3 31. Rf1 Bf6 32. Re1 Kg7 33. Bb2 Rc2 34. Bc1 Bd4 35. Rf1 b2 0-1

[Event "Olympiad-28"]
[Site "Thessaloniki"]
[Date "1988.11.15"]
[Round "3"]
[White "Santacruz, Francisco"]
[Black "Pineda, Boris"]
[Result "0-1"]
[WhiteElo "2330"]
[BlackElo "2240"]
[PlyCount "124"]
[EventDate "1988.11.13"]
[EventType "team-swiss"]
[EventRounds "14"]
[EventCountry "GRE"]
[SourceTitle "TD"]
[Source "ChessBase"]
[SourceDate "1994.03.01"]
[SourceVersion "1"]
[SourceVersionDate "1994.03.01"]
[SourceQuality "1"]
[WhiteTeam "Paraguay"]
[BlackTeam "El Salvador"]
[WhiteTeamCountry "PAR"]
[BlackTeamCountry "ESA"]

1. d4 Nf6 2. Bg5 Ne4 3. Bf4 d5 4. f3 Nf6 5. c4 e6 6. Nc3 c5 7. e3 cxd4 8. exd4 Nc6 9. c5 Be7 10. Bb5 0-0 11. Nge2 Nh5 12. Be3 a6 13. Bxc6 bxc6 14. 0-0 a5 15. Na4 Ba6 16. Rf2 Ra7 17. Rc1 Nf6 18. Nb6 Nd7 19. Nxd7 Bxe2 20. Rxe2 Qxd7 21. Rc3 Rb8 22. Rb3 Rab7 23. Rxb7 Rxb7 24. Qd3 Rb5 25. b3 Qb7 26. g3 h6 27. Kg2 Bf6 28. Bd2 Qa8 29. Re1 a4 30. b4 Rb8 31. f4 Qb7 32. Rb1 Qb5 33. Qxb5 Rxb5 34. Bc3 Kf8 35. Kf3 Ke8 36. Ke3 Kd7 37. Kd3 Rb8 38. Bd2 g6 39. Bc3 h5 40. h4 Be7 41. Kc2 f6 42. Bd2 Bf8 43. Re1 Be7 44. Re2 Rg8 45. Kb2 g5 46. fxg5 fxg5 47. hxg5 Bxg5 48. Bxg5 Rxg5 49. Re3 Rg4 50. Rd3 e5 51. Ka3 e4 52. Re3 Rg8 53. Kxa4 Rf8 54. Re1 Rf2 55. a3 Rf3 56. Rh1 Rxg3 57. Rxh5 Rd3 58. Ka5 Rxd4 59. Re5 Rd3 60. a4 Ra3 61. b5 cxb5 62. Rf5 Kc6 0-1

[Event "Olympiad-28"]
[Site "Thessaloniki"]
[Date "1988.11.14"]
[Round "2"]
[White "Santacruz, Francisco"]
[Black "Ly, Amadou"]
[Result "1-0"]
[WhiteElo "2330"]
[BlackElo "2205"]
[PlyCount "93"]
[EventDate "1988.11.13"]
[EventType "team-swiss"]
[EventRounds "14"]
[EventCountry "GRE"]
[SourceTitle "TD"]
[Source "ChessBase"]
[SourceDate "1994.03.01"]
[SourceVersion "1"]
[SourceVersionDate "1994.03.01"]
[SourceQuality "1"]
[WhiteTeam "Paraguay"]
[BlackTeam "Mali"]
[WhiteTeamCountry "PAR"]
[BlackTeamCountry "MLI"]

1. Nf3 Nf6 2. b3 d6 3. Bb2 e6 4. g3 Be7 5. Bg2 0-0 6. 0-0 Nbd7 7. c4 Rb8 8. d4 d5 9. Nbd2 c6 10. Qc2 Qc7 11. Rac1 Re8 12. Rfe1 Bb4 13. a3 Bd6 14. e4 dxe4 15. Nxe4 Nxe4 16. Qxe4 Nf6 17. Qc2 Qd8 18. Rcd1 Bd7 19. Ne5 Rc8 20. Qe2 b6 21. Bh3 h6 22. Nxd7 Nxd7 23. d5 cxd5 24. cxd5 Nf8 25. dxe6 Nxe6 26. Qg4 Qe7 27. Bxg7 Qg5 28. Qxg5 hxg5 29. Bxe6 fxe6 30. Rxd6 Kxg7 31. Rexe6 Rxe6 32. Rxe6 Rc7 33. Re3 Kf6 34. Kg2 Rc2 35. a4 a6 36. Re4 Rc3 37. Rb4 b5 38. axb5 a5 39. Ra4 Rxb3 40. Rxa5 Rb4 41. h3 g4 42. hxg4 Rxg4 43. f4 Rg7 44. Ra6+ Kf5 45. Kf3 Rg8 46. g4+ Rxg4 47. Rf6+ 1-0

[Event "Pan American-chT"]
[Site "Junin"]
[Date "1987.??.??"]
[Round "6"]
[White "Cifuentes Parada, Roberto"]
[Black "Santacruz, Francisco"]
[Result "1/2-1/2"]
[WhiteElo "2490"]
[BlackElo "2320"]
[PlyCount "116"]
[EventDate "1987.??.??"]
[EventType "team-tourn"]
[EventRounds "10"]
[EventCountry "ARG"]
[SourceTitle "EXT 2002"]
[Source "ChessBase"]
[SourceDate "2001.11.25"]
[SourceVersion "1"]
[SourceVersionDate "2001.11.25"]
[SourceQuality "1"]

1. Nf3 Nf6 2. c4 e6 3. g3 a6 4. Bg2 b5 5. b3 Bb7 6. 0-0 c5 7. d3 Be7 8. e4 d6 9. Qe2 0-0 10. Bb2 Nc6 11. Nbd2 e5 12. Nh4 g6 13. f4 exf4 14. gxf4 Ne8 15. Nhf3 Ng7 16. Kh1 Ne6 17. Qe3 Bf6 18. Bxf6 Qxf6 19. f5 Ned4 20. Qh6 Qg7 21. Qh4 f6 22. fxg6 hxg6 23. Nxd4 Nxd4 24. Qg3 Rad8 25. Rf2 Qh6 26. Raf1 Qg5 27. Qxg5 fxg5 28. Nf3 Nxf3 29. Rxf3 Rxf3 30. Rxf3 bxc4 31. bxc4 Bc6 32. Kg1 Kg7 33. Re3 Rb8 34. Re2 Rb1+ 35. Kf2 Kf7 36. Ke3 Ke6 37. Bf3 Ba4 38. Rg2 Kf6 39. d4 Re1+ 40. Kd3 Rf1 41. Be2 Ra1 42. Bg4 Bd1 43. Rf2+ Ke7 44. Bc8 a5 45. e5 cxd4 46. exd6+ Kxd6 47. Kxd4 Ba4 48. Bg4 Bd7 49. c5+ Ke7 50. Bxd7 Kxd7 51. Kc4 Kc6 52. Rf6+ Kc7 53. Rf2 Kc6 54. Kb3 Rc1 55. Rf6+ Kxc5 56. Rxg6 Rg1 57. Rh6 Rg4 58. Rh5 Kb6 1/2-1/2

[Event "Santiago zt"]
[Site "Santiago de Chile"]
[Date "1987.??.??"]
[Round "4"]
[White "Cifuentes Parada, Roberto"]
[Black "Santacruz, Francisco"]
[Result "1/2-1/2"]
[WhiteElo "2490"]
[BlackElo "2320"]
[PlyCount "92"]
[EventDate "1987.03.??"]
[EventType "tourn"]
[EventRounds "15"]
[EventCountry "CHI"]
[EventCategory "3"]
[SourceTitle "EXT 2002"]
[Source "ChessBase"]
[SourceDate "2001.11.25"]
[SourceVersion "1"]
[SourceVersionDate "2001.11.25"]
[SourceQuality "1"]

1. d4 Nf6 2. Nf3 e6 3. Bg5 c5 4. e3 Be7 5. Nbd2 cxd4 6. exd4 b6 7. Bd3 Bb7 8. 0-0 h6 9. Bh4 0-0 10. Re1 Nc6 11. c3 Nh5 12. Bxe7 Nxe7 13. a4 a6 14. Ne5 Nf4 15. Bf1 d6 16. Nec4 b5 17. Ne3 Qd7 18. Nb3 Nfd5 19. Bd3 Nf4 20. Bf1 Nfd5 21. Qd3 Nxe3 22. fxe3 Bd5 23. Na5 Rab8 24. e4 Ba8 25. axb5 axb5 26. Nb3 f5 27. Nd2 fxe4 28. Nxe4 Bd5 29. Qg3 Nf5 30. Qg4 Kh8 31. Bd3 Bc4 32. Bc2 Rf7 33. h3 Rbf8 34. b3 Bd5 35. Qe2 Qc6 36. Qd3 g6 37. Ra5 Rc8 38. Kh2 Bxe4 39. Qxe4 Qxe4 40. Bxe4 Rxc3 41. Bxf5 exf5 42. Rxb5 f4 43. Rf1 Rd3 44. Rd5 Rxb3 45. Rxd6 Kg7 46. Ra1 f3 1/2-1/2

[Event "Pan American-chT"]
[Site "Junin"]
[Date "1987.??.??"]
[Round "7"]
[White "Dienavorian Lacherian, Manuel"]
[Black "Santacruz, Francisco"]
[Result "1/2-1/2"]
[WhiteElo "2220"]
[BlackElo "2320"]
[PlyCount "54"]
[EventDate "1987.??.??"]
[EventType "team-tourn"]
[EventRounds "10"]
[EventCountry "ARG"]
[SourceTitle "EXT 2002"]
[Source "ChessBase"]
[SourceDate "2001.11.25"]
[SourceVersion "1"]
[SourceVersionDate "2001.11.25"]
[SourceQuality "1"]

1. Nf3 Nf6 2. c4 e6 3. d4 c5 4. Nc3 Be7 5. g3 0-0 6. Bg2 a6 7. 0-0 cxd4 8. Nxd4 Qc7 9. b3 d5 10. Qd3 dxc4 11. Qxc4 Qxc4 12. bxc4 Rd8 13. Nb3 Nc6 14. Na4 Rb8 15. Be3 Bd7 16. Nb6 Be8 17. Rfd1 Rxd1+ 18. Rxd1 Rd8 19. Rxd8 Bxd8 20. Nc8 b5 21. cxb5 axb5 22. Nd6 Na5 23. Nxe8 Nxe8 24. Nxa5 Bxa5 25. Bc6 Nc7 26. Bf4 b4 27. Bd6 Nd5 1/2-1/2

[Event "Santiago zt"]
[Site "Santiago de Chile"]
[Date "1987.??.??"]
[Round "9"]
[White "Gomez Baillo, Jorge H"]
[Black "Santacruz, Francisco"]
[Result "1-0"]
[WhiteElo "2450"]
[BlackElo "2320"]
[PlyCount "57"]
[EventDate "1987.03.??"]
[EventType "tourn"]
[EventRounds "15"]
[EventCountry "CHI"]
[EventCategory "3"]
[SourceTitle "EXT 2002"]
[Source "ChessBase"]
[SourceDate "2001.11.25"]
[SourceVersion "1"]
[SourceVersionDate "2001.11.25"]
[SourceQuality "1"]

1. e4 c5 2. Nf3 d6 3. d4 cxd4 4. Nxd4 Nf6 5. Nc3 e6 6. Be2 a6 7. 0-0 Be7 8. f4 0-0 9. Bf3 Qc7 10. Kh1 Nc6 11. Nxc6 bxc6 12. Na4 e5 13. fxe5 dxe5 14. Be3 Rb8 15. b3 Be6 16. Qe2 a5 17. Rad1 h6 18. Nc5 Bxc5 19. Bxc5 Rfd8 20. a4 Rxd1 21. Rxd1 Rd8 22. Rd3 Rd7 23. Qd2 Qd8 24. Rxd7 Nxd7 25. Bf2 Qa8 26. Be1 Qa6 27. Be2 Qb6 28. Qxa5 Qe3 29. Bf3 1-0

[Event "Santiago zt"]
[Site "Santiago de Chile"]
[Date "1987.??.??"]
[Round "13"]
[White "Milos, Gilberto"]
[Black "Santacruz, Francisco"]
[Result "1-0"]
[WhiteElo "2485"]
[BlackElo "2320"]
[PlyCount "85"]
[EventDate "1987.03.??"]
[EventType "tourn"]
[EventRounds "15"]
[EventCountry "CHI"]
[EventCategory "3"]
[SourceTitle "EXT 2002"]
[Source "ChessBase"]
[SourceDate "2001.11.25"]
[SourceVersion "1"]
[SourceVersionDate "2001.11.25"]
[SourceQuality "1"]

1. Nf3 Nf6 2. c4 c5 3. Nc3 Nc6 4. e3 e6 5. d4 d5 6. cxd5 exd5 7. Bb5 a6 8. Bxc6+ bxc6 9. 0-0 Be7 10. Ne5 Bd7 11. b3 0-0 12. Ba3 cxd4 13. Bxe7 Qxe7 14. exd4 Ne4 15. Qc2 Rac8 16. Nxe4 dxe4 17. Nxd7 Qxd7 18. Qxe4 Rfe8 19. Qd3 Re6 20. Qc4 Rd6 21. Rae1 a5 22. Re4 Rd8 23. Rfe1 h6 24. Re7 Qf5 25. R7e5 Qf4 26. g3 Qf3 27. Rxa5 Rxd4 28. Qe2 Qf6 29. Qe5 Qf3 30. Qf5 Qxf5 31. Rxf5 Rd2 32. Re7 f6 33. Ra5 Rc2 34. Raa7 Rd1+ 35. Kg2 Rdd2 36. Rxg7+ Kh8 37. Rge7 Rxf2+ 38. Kh3 Rxh2+ 39. Kg4 f5+ 40. Kxf5 Rc5+ 41. Kf6 Rg5 42. Rh7+ Kg8 43. Rxh6 1-0

[Event "Pan American-chT"]
[Site "Junin"]
[Date "1987.??.??"]
[Round "1"]
[White "Santacruz, Francisco"]
[Black "Cifuentes Parada, Roberto"]
[Result "1/2-1/2"]
[WhiteElo "2320"]
[BlackElo "2490"]
[PlyCount "91"]
[EventDate "1987.??.??"]
[EventType "team-tourn"]
[EventRounds "10"]
[EventCountry "ARG"]
[SourceTitle "EXT 2002"]
[Source "ChessBase"]
[SourceDate "2001.11.25"]
[SourceVersion "1"]
[SourceVersionDate "2001.11.25"]
[SourceQuality "1"]

1. Nf3 Nf6 2. c4 e6 3. g3 d5 4. b3 c5 5. Bb2 Nc6 6. cxd5 exd5 7. Bg2 Be7 8. 0-0 0-0 9. d4 Ne4 10. dxc5 Bxc5 11. Nc3 Nxc3 12. Bxc3 d4 13. Bb2 Re8 14. Rc1 Bb6 15. Ba3 Bg4 16. h3 Bf5 17. Bc5 Qd7 18. Kh2 Rad8 19. Bxb6 axb6 20. Qd2 Be4 21. Rfd1 h6 22. b4 Qf5 23. Qf4 Qxf4 24. gxf4 Nxb4 25. Rxd4 Nxa2 26. Rxd8 Rxd8 27. Rc7 b5 28. Ne5 Bxg2 29. Kxg2 f6 30. Nd3 b6 31. Rc6 Rb8 32. Rc2 Ra8 33. Rc6 Kf7 34. Rxb6 Nc3 35. Kf3 Ra2 36. e3 Rd2 37. Rb7+ Ke8 38. Nc5 g6 39. Rb6 Ke7 40. Ne4 Nxe4 41. Kxe4 Rxf2 42. Rxb5 Rh2 43. Rb7+ Ke8 44. Rb8+ Kd7 45. Rb7+ Ke6 46. Rb6+ 1/2-1/2

[Event "Santiago zt"]
[Site "Santiago de Chile"]
[Date "1987.??.??"]
[Round "6"]
[White "Santacruz, Francisco"]
[Black "Granda Zuniga, Julio E"]
[Result "0-1"]
[WhiteElo "2320"]
[BlackElo "2555"]
[PlyCount "118"]
[EventDate "1987.03.??"]
[EventType "tourn"]
[EventRounds "15"]
[EventCountry "CHI"]
[EventCategory "3"]
[SourceTitle "EXT 2002"]
[Source "ChessBase"]
[SourceDate "2001.11.25"]
[SourceVersion "1"]
[SourceVersionDate "2001.11.25"]
[SourceQuality "1"]

1. d4 Nf6 2. Bg5 c5 3. d5 Ne4 4. Bf4 Qb6 5. Bc1 g6 6. f3 Nd6 7. e4 Bg7 8. c3 0-0 9. Nd2 f5 10. exf5 Nxf5 11. Ne4 Na6 12. Bc4 Nd6 13. Nxd6 Qxd6 14. Ne2 Nc7 15. a4 e6 16. dxe6 Qxd1+ 17. Kxd1 d5 18. e7 Re8 19. Bb3 Rxe7 20. Bf4 c4 21. Bc2 Ne6 22. Be3 b6 23. Re1 Bd7 24. Nd4 Rae8 25. Nxe6 Rxe6 26. Bf2 Rxe1+ 27. Bxe1 d4 28. cxd4 Bxd4 29. Bc3 Bg1 30. h3 Bc6 31. Kd2 Bf2 32. Rd1 Bg3 33. Kc1 Re2 34. Rd8+ Kf7 35. Rh8 Rxg2 36. Rxh7+ Ke6 37. Kb1 Bxf3 38. Bxg6 Bd1 39. Bf7+ Kd6 40. Rh6+ Kc5 41. Ka2 Bb3+ 42. Ka3 a5 43. Rh8 Kc6 44. Rc8+ Kd7 45. Bxc4 Kxc8 46. Kxb3 Kc7 47. Bd3 Rh2 48. Bf5 Kd6 49. Kc4 Be5 50. b3 Bxc3 51. Kxc3 Kc5 52. Kd3 Rb2 53. Kc3 Rg2 54. Be6 Rg3+ 55. Kd2 Kd6 56. Bf7 Rxh3 57. Kc2 Kc5 58. Kb2 Kb4 59. Be6 Rh2+ 0-1